|
|
|
|
| LEADER |
00000cac a2200000 a 4500 |
| 001 |
57357 |
| 003 |
Ucuenca |
| 005 |
20230308164955.0 |
| 008 |
000000|1966 mx |||||r|||||||||||spa|| |
| 040 |
|
|
|b spa
|
| 041 |
1 |
|
|a spa
|
| 082 |
0 |
|
|a 160
|
| 100 |
1 |
|
|a Kopnin, Pável.
|d 1922-1971
|9 49767
|
| 245 |
|
|
|a Lógica dialéctica
|c P. V. Kopnin. Traducción de Lydia Kuper de Velasco
|h imp
|
| 246 |
|
|
|a Dialektika kak logika
|
| 264 |
|
|
|a México
|b Grijalbo
|c 1966
|
| 300 |
|
|
|a 560 páginas:
|c 21 cm
|
| 490 |
|
|
|a Ciencias Económicas y Sociales
|
| 504 |
|
|
|a incl. ref.
|
| 650 |
1 |
|
|a Logica dialectica
|9 7567
|
| 852 |
|
|
|a UC-CDJBV
|c puno
|f Compra
|l 1
|m General
|p 00000000
|r 2
|t 57357
|b 0
|d CDRC
|e CDRC
|g 160
|z 0000-00-00
|
| 942 |
|
|
|z diana.fajardo@ucuenca.edu.ec
|
| 999 |
|
|
|c 27180
|d 27180
|